LDR 00766naa#a2200181#i#450# 001 EN\\bibl\122093 005 20260607154018.7 011 ## _a2413-046X 100 ## _a20260527b2026####ek#y0engy0150####ca 102 ## _aRU 200 1# _aKEY INSTRUMENTS OF STATE SUPPORT FOR RESOURCE SUPPLY FOR AGRICULTURE IN RUSSIA _eJournal article 210 1# _aMoscow _cElectronic science _d2026 215 ## _a16 с. 608 ## _aJournal article _2local 675 ## _aЭкономические циклы. Конъюнктура. Колебания производства. 338.12 _aЭкономика сельского хозяйства. Продовольственный комплекс. 338.43 _z 700 #1 _aLyavina _gMariya Yur'evna 700 #1 _aKupryachin _gSergej Mihaylovich 856 4# _aiacj.ru _u